• 首页
  • 本馆介绍
  • 公告通知
  • 最新文献
  • 馆藏检索
  • 电子资源
  • 读者导购
  • 参考咨询
  • 我的图书馆
  • 登录
  • 详细信息显示
  • 放入我的书架
  • 预约/预借图书
  • 作者相关作品
  • 分类相关作品
  • 丛书相关作品
  • 出版社相关作品

书目信息

  • 表格格式
  • 工作单格式
  • 卡片格式
题名:
强者的诞生
    
 
作者: 詹姆斯 , James 著 ;刘宁 译
分册:  
出版信息: 西安   陕西人民出版社  1987
页数: 269页
开本: 19cm
丛书名:
单 册:
中图分类: B848.4 , B84
科图分类:
主题词: 信念-个性心理学 , 个性心理学-信念 , 心理学
电子资源:
ISBN: 7-224-00088-4
000 00805nam0 2200301 45
001 1233707250
005 20120929162923.71
010    @a7-224-00088-4@dCNY2.00
100    @a19960201d1987 em y0chiy0121 ea
101 1  @achi@ceng
102    @aCN@b610000
105    @ay z 000yy
200 10 @a强者的诞生@Aqiang zhe de dan sheng@f(美)詹姆斯(James,M.)著@g刘宁译
210    @a西安@c陕西人民出版社@d1987
215    @a269页@d19cm
300    @a书名原文:Born to win
510 1  @aBorn to win@zeng
606 0  @a信念-个性心理学
606 0  @a个性心理学-信念
606 0  @a心理学
690    @aB848.4@v3
690    @aB84@v4
701  1 @a詹姆斯@bM.@4著@Azhan mu si
701 A1 @aJames@bM.@4著
702  0 @a刘宁@4译@Aliu ning
801  0 @aCN@bTSSF
801  2 @aCN@bNLC
905    @a10447@dB84@eJY87
    
    强者的诞生/(美)詹姆斯(James,M.)著/刘宁译.-西安:陕西人民出版社,1987
    269页;19cm
    书名原文:Born to win
    
    ISBN 7-224-00088-4:CNY2.00
    
●
相关链接 在E读中查询图书 在五车中查询图书 在当当中查询图书 在豆瓣中查询图书


正题名:强者的诞生     索取号:B84/JY87         预约/预借

序号 登录号 条形码 馆藏地/架位号 状态 备注
1 7830271   278302711   学院路分馆/ [索取号:B84/JY87] 在馆    
2 7830272   278302720   学院路分馆/ [索取号:B84/JY87] 在馆    
3 7830273   278302739   学院路分馆/ [索取号:B84/JY87] 在馆    
4 7830274   278302748   学院路分馆/ [索取号:B84/JY87] 在馆    
唐山师范学院图书馆 欢迎您!
大连网信软件有限公司© 版权所有